Manual para la preparación de estudios de viabilidad industrial / (Record no. 13434)

MARC details
000 -LEADER
campo de control de longitud fija 00885nam a2200253 i 4500
001 - NÚMERO DE CONTROL
campo de control 13434
003 - IDENTIFICADOR DE NÚMERO DE CONTROL
campo de control ES-MaACL
005 - FECHA Y HORA DE LA ÚLTIMA TRANSACCIÓN
campo de control 20230906150557.0
007 - CAMPO FIJO DE DESCRIPCIÓN FÍSICA--INFORMACIÓN GENERAL
campo de control de longitud fija t|
008 - DATOS DE LONGITUD FIJA--INFORMACIÓN GENERAL
campo de control de longitud fija 980316s1992 au ||||1| spa d
020 ## - NÚMERO INTERNACIONAL ESTÁNDAR DEL LIBRO
Número Internacional Estándar del Libro 92-1-306166-8
080 ## - NÚMERO DE LA CLASIFICACIÓN DECIMAL UNIVERSAL
Número de la Clasificación Decimal Universal 338(1-77)
080 ## - NÚMERO DE LA CLASIFICACIÓN DECIMAL UNIVERSAL
Número de la Clasificación Decimal Universal 330.322.54
100 1# - ENTRADA PRINCIPAL--NOMBRE DE PERSONA
Nombre de persona Behrens, W.
9 (RLIN) 27061
245 10 - MENCIÓN DEL TÍTULO
Título Manual para la preparación de estudios de viabilidad industrial /
Mención de responsabilidad, etc. W. Behrens, P.M. Hawranek.
250 ## - MENCION DE EDICION
Mención de edición Ed. corr. y aum.
260 ## - PUBLICACIÓN, DISTRIBUCIÓN, ETC.
Lugar de publicación, distribución, etc. Viena :
Nombre del editor, distribuidor, etc. Organización de las Naciones Unidas para el desarrollo industrial,
Fecha de publicación, distribución, etc. 1994.
300 ## - DESCRIPCIÓN FÍSICA
Extensión XII, 400 p. ;
Dimensiones 24 cm.
650 #4 - PUNTO DE ACCESO ADICIONAL DE MATERIA--TÉRMINO DE MATERIA
Término de materia o nombre geográfico como elemento de entrada Desarrollo industrial-
Subdivisión geográfica Países en desarrollo.
9 (RLIN) 11811
650 14 - PUNTO DE ACCESO ADICIONAL DE MATERIA--TÉRMINO DE MATERIA
Término de materia o nombre geográfico como elemento de entrada Evaluación de proyectos.
9 (RLIN) 12615
700 1# - ENTRADA AGREGADA--NOMBRE PERSONAL
Nombre de persona Hawranek, P.M.
9 (RLIN) 62175
710 2# - ENTRADA AGREGADA--NOMBRE DE ENTIDAD CORPORATIVA
Nombre de entidad corporativa o nombre de jurisdicción como elemento de entrada Organización de las Naciones Unidas para el Desarrollo Industrial.
9 (RLIN) 6059
852 ## - LOCALIZACIÓN
Ubicación ES-MaACL
Número de control de estantería L-20675
Sublocalización o colección R.124685
Holdings
Estatus retirado Estado de pérdida Estado de daño No para préstamo Biblioteca de origen Biblioteca actual Ubicación en estantería Fecha de adquisición Fuente de adquisición Total de préstamos Signatura topográfica completa Código de barras Visto por última vez Precio de reemplazo Tipo de ítem Koha
        Biblioteca del Ateneo de Madrid Biblioteca del Ateneo de Madrid Depósito 2 17/01/2008     L-20675 1013677 23/02/2023 23/02/2023 Libro impreso